Nomes que começam com G - Statistics

Estatísticas Gerais
  • Esse quiz foi jogado 135 vezes
  • A pontuação média é 6 de 18
Estatísticas das Respostas
Hint Resposta % Correto
4. Gabriel
97%
5. Gabriela
92%
2. Gustavo
83%
6. Guilherme
78%
15. Gil
57%
18. Gilberto
46%
11. Graça
36%
7. Guilhermina
31%
9. Glória
24%
8. Gisela
21%
3. Gonçalo
18%
16. Gaspar
11%
1. Guida
10%
12. Graciela
9%
14. Gracinda
9%
13. Graciete
7%
17. Gastão
6%
10. Goreti
3%
Nenhum quiz correspondente encontrado
Distribuição das Pontuações
Porcentagem de Pessoas com Cada Pontuação
Percentil de Números Respondidos
Sua Pontuação Histórica
Você não jogou esse quiz